Datum a čas kvízu
35.5
Celkem bodů
Celkový počet nahraných bodů na tomto kvízu bez doplňovacích otázek.
7.
Pořadí na kvízu
Konečné umístění týmu na tomto kvízu.
Zaznamenané odpovědi
| # | Otázka | Odpověď | Body | Výsledky |
|---|---|---|---|---|
| 1. | Jedna česká politička se pochl... | Alena Schillerová, lev | 1 | |
| 2. | Minulý týden jsme byli informo... | Magna Charta (Libertatum) | 1 | |
| 3. | V sobotu se konalo finále 69.... | Švýcarsko, Adam Pavlovčin (Adonxs) | 1 | |
| 4. | Netradiční způsob přivítání zv... | Albánie | 1 | |
| 5. | Který dopravní prostředek využ... | traktor | 1 | |
| 6. | Podíváme se na pět reklam, z n... | sázení (sázková kancelář, hazard) | 1 | |
| 7. | Pro který produkt byla vytvoře... | kondomy | 0 | |
| 8. | Spot je z roku 2014. Rada pro... | T-Mobile | 0 | |
| 9. | Tato televizní reklama na Fido... | B) hodí panenku na kapotu a posádku omráčí airbagy | 1 | |
| 10. | Spot režiséra Jakuba Koháka se... | ÚAMK | 0 |